The regulation of investment in utilities (Record no. 160735)
[ view plain ]
| 000 -LEADER | |
|---|---|
| fixed length control field | 01419nam a2200349Ia 4500 |
| 082 04 - DEWEY DECIMAL CLASSIFICATION NUMBER | |
| Classification number | 332.67/22 |
| 100 1# - MAIN ENTRY--AUTHOR NAME | |
| Personal name | Alexander, Ian, |
| 245 14 - TITLE STATEMENT | |
| Title | The regulation of investment in utilities |
| 260 ## - PUBLICATION, DISTRIBUTION, ETC. (IMPRINT) | |
| Place of publication | Washington, DC : |
| Name of publisher | World Bank, |
| Year of publication | 2005. |
| 300 ## - PHYSICAL DESCRIPTION | |
| Number of Pages | ix, 140 p. |
| 490 1# - SERIES STATEMENT | |
| Series statement | World Bank working paper, |
| 650 #0 - SUBJECT ADDED ENTRY--TOPICAL TERM | |
| Topical Term | Public utilities |
| Topical Term | Public utilities |
| Topical Term | Infrastructure (Economics) |
| 700 1# - ADDED ENTRY--PERSONAL NAME | |
| Personal name | Harris, Clive, |
| 856 40 - ELECTRONIC LOCATION AND ACCESS | |
| Uniform Resource Identifier | http://site.ebrary.com/lib/rucke/Doc?id=10082385 |
No items available.
